[Event "HUN-ch Rapid 2019"]
[Site "Ajka"]
[Date "2019.07.20"]
[Round "8.14"]
[White "Bodi, Tibor"]
[Black "Dankhazi, Andras"]
[Result "1/2-1/2"]
[WhiteElo "2244"]
[BlackElo "2277"]
[Annotator "ChessBase"]
[PlyCount "93"]
[EventDate "2019.07.18"]
[EventType "swiss"]
[EventCountry "HUN"]
[SourceTitle "playchess.com"]
[Source "ChessBase"]
[SourceQuality "1"]
[TimeControl "1200+5"]

1. e4 {[%emt 0:00:03]} e5 {[%emt 0:00:07]} 2. Nc3 {[%emt 0:00:06]} Nf6 {[%emt 0:00:03]} 3. f4 {[%emt 0:00:02]} d5 {[%emt 0:00:01]} 4. fxe5 {[%emt 0:00:02]} Nxe4 {[%emt 0:00:01]} 5. Qf3 {[%emt 0:00:02]} Nc6 {[%emt 0:01:04]} 6. Nxe4 {[%emt 0:01:11]} Nd4 {[%emt 0:00:12]} 7. Qc3 {[%emt 0:03:23]} dxe4 {[%emt 0:00:06]} 8. Ne2 {[%emt 0:00:34]} c5 {[%emt 0:01:47]} 9. Ng3 {[%emt 0:04:19]} Qd5 {[%emt 0:01:07]} 10. Bc4 {[%emt 0:00:58]} Qxe5 {[%emt 0:00:05]} 11. O-O {[%emt 0:00:08]} Be6 {[%emt 0:00:16]} 12. Bxe6 {[%emt 0:00:54]} Qxe6 {[%emt 0:00:05]} 13. d3 {[%emt 0:00:53]} Bd6 {[%emt 0:04:57]} 14. Bf4 {[%emt 0:00:21]} O-O {[%emt 0:02:12]} 15. Bxd6 {[%emt 0:00:17]} Qxd6 {[%emt 0:00:02]} 16. Nxe4 {[%emt 0:00:15]} Qd5 {[%emt 0:00:58]} 17. Qxc5 {[%emt 0:00:49]} Qxc5 {[%emt 0:00:01]} 18. Nxc5 {[%emt 0:00:01]} b6 {[%emt 0:00:16]} 19. c3 {[%emt 0:00:32]} bxc5 {[%emt 0:00:24]} 20. cxd4 {[%emt 0:00:01]} cxd4 {[%emt 0:00:01]} 21. Rac1 {[%emt 0:00:22]} Rfc8 {[%emt 0:00:34]} 22. Kf2 {[%emt 0:00:07]} Kf8 {[%emt 0:00:14]} 23. Kf3 {[%emt 0:01:21]} Re8 {[%emt 0:00:08]} 24. Rfe1 {[%emt 0:00:02]} Rxe1 {[%emt 0:00:03]} 25. Rxe1 {[%emt 0:00:01]} Rc8 {[%emt 0:00:00]} 26. Re5 {[%emt 0:00:23]} Rc2 {[%emt 0:00:14]} 27. Ra5 {[%emt 0:00:09]} Rxb2 {[%emt 0:00:01]} 28. Rxa7 {[%emt 0:00:02]} f5 {[%emt 0:00:02]} 29. Ra4 {[%emt 0:02:21]} Rd2 {[%emt 0:00:11]} 30. Rxd4 {[%emt 0:00:04]} Rxa2 {[%emt 0:00:01]} 31. Rd7 {[%emt 0:00:04]} Rd2 {[%emt 0:00:04]} 32. h4 {[%emt 0:00:05]} g6 {[%emt 0:00:41]} 33. g3 {[%emt 0:00:17]} Ke8 {[%emt 0:00:19]} 34. Rxh7 {[%emt 0:00:15]} Rxd3+ {[%emt 0:00:01]} 35. Kf4 {[%emt 0:00:18]} Rd4+ {[%emt 0:00:01]} 36. Ke5 {[%emt 0:00:13]} Rg4 {[%emt 0:00:20]} 37. Ke6 Kd8 38. Rd7+ {[%emt 0:00:50]} Ke8 {[%emt 0:00:15]} 39. Ra7 {[%emt 0:00:05]} Kd8 {[%emt 0:00:03]} 40. Ra8+ {[%emt 0:00:27]} Kc7 {[%emt 0:00:00]} 41. Ra3 {[%emt 0:00:02]} f4 {[%emt 0:00:05]} 42. gxf4 {[%emt 0:00:19]} Rxf4 {[%emt 0:00:01]} 43. Rh3 {[%emt 0:00:09]} Kd8 {[%emt 0:00:06]} 44. Ke5 {[%emt 0:00:04]} Rf5+ {[%emt 0:00:04]} 45. Ke6 {[%emt 0:00:03]} Rf4 {[%emt 0:00:02]} 46. Ke5 {[%emt 0:00:14]} Rf5+ {[%emt 0:00:01]} 47. Ke6 {[%emt 0:00:07]} 1/2-1/2

[Event "HUN-ch Rapid 2019"]
[Site "Ajka"]
[Date "2019.07.20"]
[Round "8.15"]
[White "Hoang, Thanh Trang"]
[Black "Szalanczi, Emil"]
[Result "1/2-1/2"]
[WhiteElo "2414"]
[BlackElo "2159"]
[Annotator "TA"]
[PlyCount "132"]
[EventDate "2019.07.18"]
[EventType "swiss"]
[EventCountry "HUN"]
[SourceTitle "playchess.com"]
[Source "ChessBase"]
[SourceQuality "1"]

{[%evp 14,132,18,23,46,52,66,68,118,53,92,89,83,79,96,80,92,70,100,48,76,86,73,66,66,75,64,59,93,18,31,24,172,135,138,47,204,152,402,108,120,106,188,47,87,79,80,0,0,0,95,93,94,63,63,17,6,0,0,0,0,0,61,61,68,68,100,100,100,87,102,80,127,52,52,52,53,0,0,0,67,59,64,38,73,87,142,-12,-14,-159,-152,-144,0,0,0,0,0,0,0,0,0,0,0,0,0,0,0,0,0,0,0,0,0,0,0,0,0,0,0,0,0]} 1. d4 Nf6 2. Bf4 g6 3. e3 Bg7 4. Nf3 d6 5. Be2 O-O 6. O-O Nbd7 7. h3 Qe8 8. Bh2 Kh8 $146 {A48: 1 d4 Nf6 2 Nf3 g6: Torre, London and Colle Systems} ({Predecessor:} 8... e5 9. Na3 exd4 10. exd4 Qd8 11. c4 Re8 12. Bd3 Nf8 13. Nb5 Bd7 14. Nc3 Qc8 15. Nd5 Ne6 16. Qd2 {1-0 (69) Naiditsch,A (2684)-Gupta,A (2626) Douglas 2016}) 9. c4 e5 10. Nc3 Qe7 {White is slightly better.} 11. Rc1 ({White should try} 11. c5 $16) 11... Ne8 12. b4 e4 13. Nd2 f5 14. c5 Ndf6 15. Nc4 Be6 16. Nb5 (16. Na5 $16) 16... Bxc4 17. Bxc4 ({Reject} 17. Rxc4 $6 a6 $11) 17... d5 18. Be2 a6 19. Nc3 c6 20. a4 Bh6 21. b5 (21. Be5 $16) 21... axb5 $11 22. axb5 Rg8 (22... f4 $11 {and Black has nothing to worry.}) 23. Ra1 Ng7 24. Qb3 (24. Bd6 $16 Qf7 25. Ra4) 24... Ne6 $2 (24... f4 $1 $14) 25. Be5 {Threatens to win with Rxa8.} f4 $2 (25... Bg7 $16 {keeps fighting.} 26. Qb4 Rge8) 26. Kh1 $2 (26. Rxa8 $18 {is more deadly.} Rxa8 27. bxc6 bxc6 28. Qb6) 26... f3 $16 27. gxf3 Bg7 (27... Nxc5 $16 28. Qb4 {[%mdl 64] Pin} (28. dxc5 Qxe5 29. Rxa8 Rxa8 $15) (28. Bxf6+ Qxf6 29. dxc5 exf3 $17) 28... Qe6) 28. fxe4 (28. Rxa8 $18 Rxa8 29. bxc6 bxc6 30. Bd6) 28... Nxe4 29. Bxg7+ Nxg7 30. Nxe4 ({White should play} 30. Rxa8 $1 $16 Rxa8 31. Nxe4 Qxe4+ 32. Kh2) 30... Qxe4+ $11 31. Kh2 Qh4 (31... Rxa1 $1 $11 {remains equal.} 32. Rxa1 Qh4) 32. Rxa8 $16 Rxa8 33. bxc6 bxc6 34. Bg4 Rf8 {Hoping for ...h5.} 35. Qb2 h5 36. Bd1 Nf5 {...Nxe3! is the strong threat.} 37. Qe2 Kg7 (37... g5 $11 38. Qf3 (38. Qxh5+ Qxh5 39. Bxh5 Nxe3 $11) 38... g4) 38. Bc2 $36 {[%mdl 2048] White has good play.} Nh6 39. f3 Nf5 40. Bxf5 Rxf5 $16 {[%mdl 4096] Endgame KQR-KQR} 41. Qf2 Qf6 42. Qg3 h4 {[#]} 43. Qc7+ (43. Qg4 $1 $16) 43... Kh6 $1 $14 44. f4 {aiming for Ra1.} Qe6 45. Qd8 (45. Qb8 $14 Kg7 46. Re1) 45... Kg7 $1 $11 46. Qc7+ (46. Qxh4 $11 Qxe3 47. Qf2) 46... Kh6 $1 $14 47. Qb8 {[%cal Rb8h8]} Kg7 $1 48. Qb3 Qe4 49. Rg1 {Strongly threatening Qb7+.} Rf7 {[#]} ({Better is} 49... Qe8) 50. Rg5 $2 (50. Qb1 $1 $16) 50... Rxf4 $11 {White must now prevent ...Rf2+.} 51. exf4 (51. Rg2 $1 $11 {was the only way to keep the balance.} Rf7 52. Rg4) 51... Qxf4+ $17 {[%mdl 64] Double Attack} 52. Rg3 hxg3+ (52... Kf6 $17 53. Kg2 hxg3 54. Qxg3 Qe4+ 55. Kh2 Kf5) 53. Qxg3 {KQ-KQ. The position is equal.} Qd2+ (53... Qxd4 $5 54. Qc7+ $8 {[%mdl 64] Double Attack} Kh6 55. Qxc6 Qf2+ 56. Kh1 d4 $11) 54. Kh1 Qd1+ (54... Qxd4 $5 55. Qc7+ $8 {[%mdl 64] Double Attack} Kh6 56. Qxc6 Kg5 $11) 55. Kh2 Qd2+ (55... Qxd4 $5 56. Qc7+ $8 {[%mdl 64] Double Attack} Kf6 57. Qxc6+ Kg5 $11) 56. Kh1 Qd1+ (56... Qxd4 $5 57. Qc7+ $8 {[%mdl 64] Double Attack} Kh6 58. Qxc6 Qe4+ 59. Kg1 Kg5 $11) 57. Kh2 Qxd4 58. Qc7+ {[%mdl 64] Double Attack} Kh6 59. Qxc6 Qf2+ 60. Kh1 Qf1+ 61. Kh2 Qf2+ 62. Kh1 Qf1+ 63. Kh2 Qf2+ 64. Kh1 Qf1+ 65. Kh2 Qf2+ 66. Kh1 Qf1+ {Accuracy: White = 40%, Black = 35%.} 1/2-1/2

[Event "HUN-ch Rapid 2019"]
[Site "Ajka"]
[Date "2019.07.20"]
[Round "8.16"]
[White "Amrein, Roland"]
[Black "Varga, Peter"]
[Result "0-1"]
[WhiteElo "2198"]
[BlackElo "2367"]
[Annotator "ChessBase"]
[PlyCount "87"]
[EventDate "2019.07.18"]
[EventType "swiss"]
[EventCountry "HUN"]
[SourceTitle "playchess.com"]
[Source "ChessBase"]
[SourceQuality "1"]
[TimeControl "1200+5"]

1. e4 {[%emt 0:00:02]} c6 {[%emt 0:00:05]} 2. d4 {[%emt 0:00:05]} d5 {[%emt 0:00:00]} 3. e5 {[%emt 0:00:05]} Bf5 {[%emt 0:00:00]} 4. h4 {[%emt 0:00:06]} h6 {[%emt 0:00:40]} 5. g4 {[%emt 0:00:04]} Bc8 {[%emt 0:00:03]} 6. c4 {[%emt 0:01:02]} e6 {[%emt 0:00:13]} 7. Nc3 {[%emt 0:00:13]} Ne7 {[%emt 0:00:22]} 8. Nf3 {[%emt 0:00:53]} dxc4 {[%emt 0:00:20]} 9. Bxc4 {[%emt 0:00:01]} Nd5 {[%emt 0:00:01]} 10. Ne4 {[%emt 0:01:24]} Nd7 {[%emt 0:00:58]} 11. Kf1 {[%emt 0:00:23]} Be7 {[%emt 0:00:34]} 12. Kg2 {[%emt 0:00:04]} c5 {[%emt 0:02:15]} 13. a3 {[%emt 0:02:10]} cxd4 {[%emt 0:00:23]} 14. Qxd4 {[%emt 0:00:03]} N7b6 {[%emt 0:00:04]} 15. Bb5+ {[%emt 0:02:20]} Bd7 {[%emt 0:00:02]} 16. Bxd7+ {[%emt 0:00:10]} Qxd7 {[%emt 0:00:23]} 17. Bd2 {[%emt 0:00:13]} O-O-O {[%emt 0:01:44]} 18. Rhd1 {[%emt 0:03:26]} Qa4 {[%emt 0:01:07]} 19. Rdc1+ {[%emt 0:02:15]} Kb8 {[%emt 0:00:06]} 20. Qxa4 {[%emt 0:00:04]} Nxa4 {[%emt 0:00:01]} 21. b3 {[%emt 0:00:42]} Nab6 {[%emt 0:00:15]} 22. a4 {[%emt 0:01:23]} Rc8 {[%emt 0:01:07]} 23. Nd4 {[%emt 0:00:08]} Rxc1 {[%emt 0:01:01]} 24. Rxc1 {[%emt 0:00:01]} Bxh4 {[%emt 0:00:19]} 25. a5 {[%emt 0:00:33]} Nd7 {[%emt 0:00:23]} 26. f4 {[%emt 0:00:01]} Be7 {[%emt 0:00:32]} 27. a6 {[%emt 0:00:02]} Rc8 {[%emt 0:01:18]} 28. Rxc8+ {[%emt 0:00:20]} Kxc8 {[%emt 0:00:01]} 29. axb7+ Kxb7 {[%emt 0:00:01]} 30. Nb5 {[%emt 0:00:01]} Nc5 {[%emt 0:01:27]} 31. Nbd6+ {[%emt 0:00:20]} Bxd6 {[%emt 0:00:02]} 32. Nxd6+ {[%emt 0:00:03]} Kc6 {[%emt 0:00:00]} 33. Kf3 {[%emt 0:00:49]} Nxb3 {[%emt 0:00:05]} 34. Be1 {[%emt 0:00:18]} a5 {[%emt 0:00:41]} 35. Bxa5 {[%emt 0:00:07]} Nxa5 {[%emt 0:00:02]} 36. Nxf7 {[%emt 0:00:01]} Nc4 {[%emt 0:00:21]} 37. f5 {[%emt 0:00:07]} Kd7 {[%emt 0:00:31]} 38. g5 {[%emt 0:01:37]} hxg5 39. f6 {[%emt 0:00:35]} Nxf6 {[%emt 0:01:21]} 40. Nxg5 {[%emt 0:00:10]} Nxe5+ {[%emt 0:00:11]} 41. Kf4 {[%emt 0:00:01]} Ng6+ {[%emt 0:00:03]} 42. Ke3 {[%emt 0:00:02]} e5 {[%emt 0:00:06]} 43. Nf3 {[%emt 0:00:03]} Ke6 {[%emt 0:00:04]} 44. Nd2 {[%emt 0:00:01]} 0-1

[Event "HUN-ch Rapid 2019"]
[Site "Ajka"]
[Date "2019.07.20"]
[Round "8.17"]
[White "Hardicsay, Peter"]
[Black "Egresi, Mate"]
[Result "1/2-1/2"]
[WhiteElo "2185"]
[BlackElo "2341"]
[Annotator "ChessBase"]
[PlyCount "120"]
[EventDate "2019.07.18"]
[EventType "swiss"]
[EventCountry "HUN"]
[SourceTitle "playchess.com"]
[Source "ChessBase"]
[SourceQuality "1"]
[TimeControl "1200+5"]

1. d4 {[%emt 0:00:05]} d5 {[%emt 0:00:05]} 2. Nf3 {[%emt 0:00:05]} Nf6 {[%emt 0:00:05]} 3. c4 {[%emt 0:00:05]} dxc4 {[%emt 0:00:05]} 4. e3 {[%emt 0:00:05]} Be6 {[%emt 0:00:05]} 5. Nbd2 {[%emt 0:00:05]} c5 {[%emt 0:00:05]} 6. Bxc4 {[%emt 0:01:54]} Bxc4 {[%emt 0:00:01]} 7. Nxc4 {[%emt 0:00:03]} cxd4 {[%emt 0:00:01]} 8. Qxd4 {[%emt 0:00:03]} Nc6 {[%emt 0:00:01]} 9. Qxd8+ {[%emt 0:00:47]} Rxd8 {[%emt 0:00:01]} 10. Ke2 {[%emt 0:00:41]} g6 {[%emt 0:00:16]} 11. Bd2 {[%emt 0:02:05]} Bg7 {[%emt 0:00:06]} 12. Bc3 {[%emt 0:00:56]} O-O {[%emt 0:00:50]} 13. Rhd1 {[%emt 0:00:09]} b5 {[%emt 0:00:15]} 14. Nce5 {[%emt 0:02:22]} Rc8 {[%emt 0:01:52]} 15. Nxc6 {[%emt 0:00:18]} Rxc6 {[%emt 0:00:02]} 16. Nd4 {[%emt 0:00:32]} Rb6 {[%emt 0:01:01]} 17. Ba5 {[%emt 0:02:14]} Ra6 {[%emt 0:01:29]} 18. Bb4 {[%emt 0:00:27]} Nd5 {[%emt 0:00:14]} 19. Bc5 {[%emt 0:00:22]} Rc8 {[%emt 0:00:28]} 20. Rdc1 {[%emt 0:00:14]} e6 {[%emt 0:01:21]} 21. a3 {[%emt 0:00:30]} Bxd4 {[%emt 0:02:42]} 22. Bxd4 {[%emt 0:00:05]} Rac6 {[%emt 0:00:01]} 23. Rxc6 {[%emt 0:00:28]} Rxc6 {[%emt 0:00:01]} 24. Kd2 {[%emt 0:00:16]} a6 {[%emt 0:00:05]} 25. Rc1 {[%emt 0:00:24]} Rxc1 {[%emt 0:00:01]} 26. Kxc1 {[%emt 0:00:01]} Kf8 {[%emt 0:00:02]} 27. Kc2 {[%emt 0:00:17]} Ke7 {[%emt 0:00:02]} 28. e4 {[%emt 0:00:41]} Nc7 {[%emt 0:00:54]} 29. Be5 {[%emt 0:00:27]} Na8 {[%emt 0:01:16]} 30. b3 {[%emt 0:00:21]} Kd7 {[%emt 0:00:09]} 31. Kc3 {[%emt 0:00:14]} Kc6 {[%emt 0:00:09]} 32. f3 {[%emt 0:00:17]} Nb6 {[%emt 0:00:12]} 33. Kb4 {[%emt 0:00:16]} Nd7 {[%emt 0:00:50]} 34. Bd4 {[%emt 0:00:17]} f5 {[%emt 0:00:42]} 35. exf5 {[%emt 0:00:05]} gxf5 {[%emt 0:00:36]} 36. a4 {[%emt 0:00:22]} e5 {[%emt 0:00:32]} 37. axb5+ {[%emt 0:00:19]} axb5 {[%emt 0:00:02]} 38. Bf2 {[%emt 0:00:17]} Nf6 {[%emt 0:00:31]} 39. Kc3 {[%emt 0:00:03]} Kd5 {[%emt 0:00:14]} 40. Bh4 {[%emt 0:00:12]} Nd7 {[%emt 0:00:27]} 41. Be7 {[%emt 0:00:33]} e4 {[%emt 0:00:15]} 42. fxe4+ {[%emt 0:00:12]} fxe4 {[%emt 0:00:04]} 43. Bg5 {[%emt 0:00:17]} Ne5 {[%emt 0:00:11]} 44. h3 {[%emt 0:00:08]} Nc6 {[%emt 0:00:42]} 45. Be3 {[%emt 0:00:33]} Ke5 {[%emt 0:00:01]} 46. g3 {[%emt 0:00:13]} Kf5 {[%emt 0:00:06]} 47. Bd2 {[%emt 0:00:08]} Ke5 {[%emt 0:00:01]} 48. Be3 {[%emt 0:00:00]} Kd5 {[%emt 0:00:01]} 49. g4 {[%emt 0:00:29]} Ke5 {[%emt 0:00:34]} 50. h4 {[%emt 0:00:18]} Kd5 {[%emt 0:00:35]} 51. Bf4 {[%emt 0:00:14]} Ke6 {[%emt 0:00:02]} 52. h5 {[%emt 0:00:07]} Kf6 {[%emt 0:00:17]} 53. Kd2 {[%emt 0:00:18]} Nd4 {[%emt 0:01:20]} 54. Ke3 {[%emt 0:00:06]} Nxb3 {[%emt 0:00:01]} 55. Kxe4 {[%emt 0:00:01]} Nc5+ {[%emt 0:00:02]} 56. Kd5 {[%emt 0:00:10]} Nd3 {[%emt 0:00:05]} 57. Be3 {[%emt 0:00:11]} b4 {[%emt 0:00:36]} 58. Ke4 {[%emt 0:00:10]} Ne1 {[%emt 0:00:37]} 59. Bd2 {[%emt 0:00:14]} Nc2 {[%emt 0:00:32]} 60. g5+ {[%emt 0:00:08]} Ke6 {[%emt 0:00:30]} 1/2-1/2

[Event "HUN-ch Rapid 2019"]
[Site "Ajka"]
[Date "2019.07.20"]
[Round "8.18"]
[White "Emodi, Barnabas"]
[Black "Bognar, Csaba"]
[Result "1-0"]
[WhiteElo "2365"]
[BlackElo "2166"]
[Annotator "ChessBase"]
[PlyCount "81"]
[EventDate "2019.07.18"]
[EventType "swiss"]
[EventCountry "HUN"]
[SourceTitle "playchess.com"]
[Source "ChessBase"]
[SourceQuality "1"]
[TimeControl "1200+5"]

1. d4 {[%emt 0:00:02]} Nf6 {[%emt 0:00:01]} 2. Nf3 {[%emt 0:00:01]} g6 {[%emt 0:00:02]} 3. Bg5 {[%emt 0:00:03]} Bg7 {[%emt 0:00:01]} 4. e3 {[%emt 0:00:01]} h6 {[%emt 0:00:04]} 5. Bh4 {[%emt 0:00:02]} d6 {[%emt 0:00:01]} 6. Nbd2 {[%emt 0:00:03]} Nbd7 {[%emt 0:00:03]} 7. Bc4 {[%emt 0:00:04]} O-O {[%emt 0:00:04]} 8. O-O {[%emt 0:00:03]} e5 {[%emt 0:00:03]} 9. dxe5 {[%emt 0:00:28]} dxe5 {[%emt 0:00:21]} 10. e4 {[%emt 0:00:26]} g5 {[%emt 0:01:33]} 11. Bg3 {[%emt 0:00:09]} Nh5 {[%emt 0:00:04]} 12. Re1 {[%emt 0:00:47]} Nxg3 {[%emt 0:00:57]} 13. hxg3 {[%emt 0:00:02]} Qe7 {[%emt 0:00:03]} 14. Nf1 {[%emt 0:00:11]} c6 {[%emt 0:00:26]} 15. Ne3 {[%emt 0:00:20]} Nf6 {[%emt 0:01:23]} 16. Bd3 {[%emt 0:02:37]} Be6 {[%emt 0:02:37]} 17. Qe2 {[%emt 0:00:37]} Ng4 {[%emt 0:01:28]} 18. Nf5 {[%emt 0:00:51]} Bxf5 {[%emt 0:00:16]} 19. exf5 {[%emt 0:00:01]} h5 {[%emt 0:00:17]} 20. Nh2 {[%emt 0:00:50]} Nxh2 {[%emt 0:01:14]} 21. Qxh5 {[%emt 0:00:18]} Bf6 {[%emt 0:00:31]} 22. Kxh2 {[%emt 0:01:33]} Kg7 {[%emt 0:00:02]} 23. Kg1 {[%emt 0:00:29]} Qb4 {[%emt 0:00:54]} 24. Qe2 {[%emt 0:01:09]} b6 {[%emt 0:00:36]} 25. c3 {[%emt 0:00:07]} Qc5 {[%emt 0:00:23]} 26. Be4 {[%emt 0:00:25]} Rh8 {[%emt 0:00:22]} 27. g4 {[%emt 0:00:52]} Rh6 {[%emt 0:00:28]} 28. g3 {[%emt 0:00:50]} Rah8 {[%emt 0:00:03]} 29. Rad1 {[%emt 0:00:32]} Rh2 {[%emt 0:01:32]} 30. Rd7 {[%emt 0:00:56]} a5 {[%emt 0:00:49]} 31. Qe3 {[%emt 0:00:50]} Qb5 {[%emt 0:00:26]} 32. b3 {[%emt 0:00:17]} a4 {[%emt 0:00:30]} 33. c4 {[%emt 0:00:25]} Qb4 {[%emt 0:00:39]} 34. Red1 {[%emt 0:00:26]} Be7 {[%emt 0:00:20]} 35. Bxc6 {[%emt 0:02:39]} Kf6 {[%emt 0:01:08]} 36. Bd5 {[%emt 0:00:48]} R8h7 {[%emt 0:01:17]} 37. Rxe7 {[%emt 0:00:13]} Qxe7 {[%emt 0:00:14]} 38. Qxb6+ {[%emt 0:00:09]} Kg7 {[%emt 0:00:05]} 39. Be4 {[%emt 0:00:10]} R2h6 {[%emt 0:00:52]} 40. Qd8 {[%emt 0:00:16]} Qc5 {[%emt 0:00:40]} 41. Qxg5+ {[%emt 0:00:09]} 1-0

[Event "HUN-ch Rapid 2019"]
[Site "Ajka"]
[Date "2019.07.20"]
[Round "8.19"]
[White "Terbe, Julianna"]
[Black "Farago, Sandor"]
[Result "0-1"]
[WhiteElo "2298"]
[BlackElo "2210"]
[Annotator "ChessBase"]
[PlyCount "122"]
[EventDate "2019.07.18"]
[EventType "swiss"]
[EventCountry "HUN"]
[SourceTitle "playchess.com"]
[Source "ChessBase"]
[SourceQuality "1"]
[TimeControl "1200+5"]

1. d4 {[%emt 0:00:02]} Nf6 2. Bf4 {[%emt 0:00:04]} d6 {[%emt 0:00:03]} 3. Nf3 {[%emt 0:00:09]} Nbd7 {[%emt 0:00:06]} 4. h3 {[%emt 0:00:12]} c5 {[%emt 0:00:06]} 5. e3 {[%emt 0:00:04]} g6 {[%emt 0:00:05]} 6. Be2 {[%emt 0:00:05]} Bg7 {[%emt 0:00:01]} 7. O-O {[%emt 0:00:08]} O-O {[%emt 0:00:02]} 8. c3 {[%emt 0:00:02]} b6 {[%emt 0:00:08]} 9. Nbd2 {[%emt 0:00:03]} Bb7 {[%emt 0:00:01]} 10. a4 {[%emt 0:00:01]} a6 {[%emt 0:00:11]} 11. Bh2 {[%emt 0:00:02]} Qc7 {[%emt 0:00:11]} 12. Bd3 {[%emt 0:00:03]} e5 {[%emt 0:00:23]} 13. e4 {[%emt 0:00:05]} Rfe8 {[%emt 0:00:23]} 14. Re1 {[%emt 0:00:06]} Nh5 {[%emt 0:00:09]} 15. dxe5 {[%emt 0:00:57]} dxe5 {[%emt 0:00:08]} 16. Qb3 {[%emt 0:00:03]} h6 {[%emt 0:00:08]} 17. Bc4 {[%emt 0:00:41]} Re7 {[%emt 0:00:08]} 18. Nf1 {[%emt 0:00:28]} Nf4 {[%emt 0:00:16]} 19. Rad1 {[%emt 0:00:31]} Rf8 {[%emt 0:00:08]} 20. Qc2 {[%emt 0:00:17]} Kh7 {[%emt 0:00:15]} 21. Ne3 {[%emt 0:00:20]} Nf6 {[%emt 0:00:22]} 22. Nd5 {[%emt 0:01:08]} N6xd5 {[%emt 0:00:14]} 23. exd5 {[%emt 0:00:13]} Qd6 {[%emt 0:00:16]} 24. Bxf4 {[%emt 0:01:20]} exf4 {[%emt 0:00:01]} 25. Rxe7 {[%emt 0:00:02]} Qxe7 {[%emt 0:00:01]} 26. Qd3 {[%emt 0:00:28]} Ra8 {[%emt 0:00:35]} 27. Re1 {[%emt 0:02:10]} Qd6 {[%emt 0:00:05]} 28. Nd2 {[%emt 0:00:13]} Bc8 {[%emt 0:00:22]} 29. Ne4 {[%emt 0:00:17]} Qd7 {[%emt 0:00:44]} 30. Qf3 {[%emt 0:00:42]} b5 {[%emt 0:00:40]} 31. Ba2 {[%emt 0:02:01]} c4 {[%emt 0:00:20]} 32. Qxf4 {[%emt 0:01:18]} Qxd5 {[%emt 0:00:04]} 33. Bb1 {[%emt 0:00:31]} Bb7 {[%emt 0:00:14]} 34. f3 {[%emt 0:00:57]} Rd8 {[%emt 0:00:49]} 35. axb5 {[%emt 0:00:37]} axb5 {[%emt 0:00:02]} 36. Nf6+ {[%emt 0:00:25]} Bxf6 {[%emt 0:00:02]} 37. Qxf6 {[%emt 0:00:01]} Rd7 {[%emt 0:05:03]} 38. Kh1 {[%emt 0:03:27]} Qg5 {[%emt 0:00:32]} 39. Qxg5 {[%emt 0:01:04]} hxg5 {[%emt 0:00:01]} 40. Bc2 {[%emt 0:00:05]} Rd2 {[%emt 0:00:09]} 41. Rc1 {[%emt 0:00:01]} f5 {[%emt 0:00:06]} 42. Kg1 {[%emt 0:00:03]} g4 {[%emt 0:00:12]} 43. hxg4 {[%emt 0:00:18]} fxg4 {[%emt 0:00:00]} 44. Rd1 {[%emt 0:00:11]} Rxc2 {[%emt 0:00:11]} 45. Rd7+ {[%emt 0:00:01]} Kh6 {[%emt 0:00:02]} 46. Rxb7 {[%emt 0:00:01]} Rxb2 {[%emt 0:00:01]} 47. fxg4 {[%emt 0:00:21]} Kg5 {[%emt 0:00:01]} 48. Rb6 {[%emt 0:00:10]} b4 {[%emt 0:00:45]} 49. cxb4 {[%emt 0:01:03]} c3 {[%emt 0:00:01]} 50. Rc6 {[%emt 0:00:01]} c2 {[%emt 0:00:01]} 51. Kh2 {[%emt 0:00:01]} Kf4 {[%emt 0:00:01]} 52. b5 {[%emt 0:00:08]} Ke3 {[%emt 0:00:01]} 53. b6 {[%emt 0:00:05]} Kd3 {[%emt 0:00:05]} 54. Rd6+ {[%emt 0:00:02]} Ke3 {[%emt 0:00:17]} 55. Re6+ {[%emt 0:00:08]} Kd4 {[%emt 0:00:07]} 56. Rc6 {[%emt 0:00:06]} g5 {[%emt 0:00:32]} 57. b7 {[%emt 0:00:02]} Kd3 {[%emt 0:00:00]} 58. Rd6+ {[%emt 0:00:01]} Ke2 {[%emt 0:00:03]} 59. Rc6 {[%emt 0:00:11]} Kd2 {[%emt 0:00:01]} 60. Rd6+ {[%emt 0:00:21]} Kc1 {[%emt 0:00:04]} 61. Rd7 Kb1 {[%emt 0:00:04]} 0-1

[Event "HUN-ch Rapid 2019"]
[Site "Ajka"]
[Date "2019.07.20"]
[Round "8.20"]
[White "Bohus, Adam"]
[Black "Kiss, Pal"]
[Result "1-0"]
[WhiteElo "2219"]
[BlackElo "2278"]
[Annotator "ChessBase"]
[PlyCount "81"]
[EventDate "2019.07.18"]
[EventType "swiss"]
[EventCountry "HUN"]
[SourceTitle "playchess.com"]
[Source "ChessBase"]
[SourceQuality "1"]
[TimeControl "1200+5"]

1. d4 {[%emt 0:00:02]} d5 {[%emt 0:00:03]} 2. Nf3 {[%emt 0:00:02]} Nf6 {[%emt 0:00:03]} 3. c4 {[%emt 0:00:01]} c6 {[%emt 0:00:02]} 4. e3 {[%emt 0:00:09]} Bf5 {[%emt 0:00:05]} 5. Nc3 {[%emt 0:00:05]} e6 {[%emt 0:00:04]} 6. Nh4 {[%emt 0:00:06]} Be4 {[%emt 0:00:08]} 7. f3 {[%emt 0:00:04]} Bg6 {[%emt 0:00:02]} 8. Qb3 {[%emt 0:00:03]} Qb6 {[%emt 0:00:04]} 9. Bd2 {[%emt 0:01:45]} Qxb3 {[%emt 0:00:38]} 10. axb3 {[%emt 0:00:02]} Bc2 {[%emt 0:00:07]} 11. e4 {[%emt 0:02:33]} dxe4 {[%emt 0:02:10]} 12. Rc1 {[%emt 0:00:15]} Bd3 {[%emt 0:02:30]} 13. fxe4 {[%emt 0:10:00]} Bxe4 {[%emt 0:00:27]} 14. Bg5 {[%emt 0:00:07]} Nbd7 {[%emt 0:03:37]} 15. Be2 {[%emt 0:01:02]} h6 {[%emt 0:01:48]} 16. Be3 {[%emt 0:01:04]} Bh7 {[%emt 0:00:41]} 17. O-O {[%emt 0:00:04]} Bd6 {[%emt 0:02:49]} 18. d5 {[%emt 0:01:37]} exd5 {[%emt 0:01:10]} 19. cxd5 {[%emt 0:00:02]} Nxd5 {[%emt 0:00:25]} 20. Nxd5 cxd5 21. Bb5 {[%emt 0:00:21]} a6 {[%emt 0:00:45]} 22. Bxd7+ {[%emt 0:00:23]} Kxd7 {[%emt 0:00:02]} 23. Rxf7+ {[%emt 0:00:02]} Ke6 {[%emt 0:00:24]} 24. Rxg7 {[%emt 0:00:38]} Be4 {[%emt 0:00:41]} 25. Bd4 {[%emt 0:01:00]} Rhg8 {[%emt 0:00:26]} 26. Rxb7 {[%emt 0:00:28]} Rab8 {[%emt 0:00:43]} 27. Rxb8 {[%emt 0:00:01]} Rxb8 {[%emt 0:00:01]} 28. Rc6 {[%emt 0:00:06]} Rxb3 {[%emt 0:01:00]} 29. Bc5 {[%emt 0:00:03]} Rxb2 {[%emt 0:00:12]} 30. Rxd6+ {[%emt 0:00:02]} Ke5 {[%emt 0:00:03]} 31. Rxa6 {[%emt 0:00:18]} d4 {[%emt 0:00:33]} 32. Nf3+ {[%emt 0:00:08]} Bxf3 {[%emt 0:00:02]} 33. gxf3 {[%emt 0:00:00]} d3 {[%emt 0:00:10]} 34. Rd6 {[%emt 0:00:10]} Rb5 {[%emt 0:00:14]} 35. Ba3 {[%emt 0:00:03]} Rb3 {[%emt 0:00:01]} 36. Bc5 {[%emt 0:00:06]} Rb5 {[%emt 0:00:08]} 37. Ba3 {[%emt 0:00:02]} Rb3 {[%emt 0:00:01]} 38. f4+ {[%emt 0:00:02]} Kxf4 {[%emt 0:00:11]} 39. Bc1+ {[%emt 0:00:04]} Ke5 {[%emt 0:00:07]} 40. Rc6 {[%emt 0:00:13]} Rb1 41. Kf2 1-0